| 000 | 00785nam a2200229 i 4500 | ||
|---|---|---|---|
| 001 | 31259 | ||
| 003 | ES-MaACL | ||
| 005 | 20240511063018.0 | ||
| 007 | t| | ||
| 008 | 030128s1973 sp |||| | spa d | ||
| 100 | 1 |
_aBeinhauer, Werner. _927073 |
|
| 245 | 1 | 3 |
_aEl humorismo en el español hablado _b: (improvisadas creaciones espontáneas) / _cWerner Beinhauer ; prólogo de Rafael Lapesa. |
| 260 |
_aMadrid : _bGredos, _c[1973] |
||
| 300 |
_a268 p. ; _c21 cm. |
||
| 490 |
_aBiblioteca románica hispánica. II. Estudios y ensayos ; _9178108 _v185 |
||
| 650 | 4 |
_aLengua española hablada. _9143675 |
|
| 650 | 4 |
_aHumor- _zEspaña. _9168700 |
|
| 700 | 0 |
_aLapesa, Rafael, _d1908-2001 _970146 |
|
| 852 |
_aES-MaACL _jC-52093 |
||
| 942 | _2udc | ||
| 999 |
_c31259 _d31259 |
||